=LDR 00000nam 2200000 4500 =001 INLIS000000000033512 =005 20130612135448 =008 ***********************************ind** =035 ##$$0010-061300000033512 =041 ##$$a ind =082 ##$$a 658.31 =090 ##$$a 658.31, Suk s =245 ##$$a Sukses menghadapi TKU untuk CPNS dan karyawan swasta, Redaksi tangga pustaka;Editor, Andiek kurniawan =260 ##$$a 2008 $b Jakarta =300 ##$$a v,123 hlm, 22 cm =650 ##$$a Tes Masuk Kerja =700 ##$$a Kurniawan, Andiek =850 ##$$a NBPNMAT =990 ##$$a 0001/BPAP-NTB/20142015